Statistics for Most Watched TV Series Per Year, 1990's

Click here to take the quiz!

General Stats

  • This quiz has been taken 55 times
  • The average score is 5 of 11

Answer Stats

SeasonProgramNetworkRating% Correct
1994-1995SeinfeldNBC20.6
71%
1997-1998SeinfeldNBC21.7
71%
1990-1991CheersNBC21.3
55%
1995-1996ERNBC22.0
43%
1996-1997ERNBC21.2
43%
1998-1999ERNBC17.8
43%
1989-1990RoseanneABC23.1
41%
1989-1990The Cosby ShowNBC23.1
39%
1991-199260 MinutesCBS21.9
35%
1992-199360 MinutesCBS21.9
35%
1993-199460 MinutesCBS20.9
35%

Score Distribution

Percentile by Number Answered

Percent of People with Each Score

Your Score History

You have not taken this quiz